000 00628nam a2200241 i 4500
001 C2-0231863
003 PPAK
005 20180728085030.0
008 001206s1963 nyu |||| ||||| | eng d
020 _a42501908X
040 _aPPAK
_beng
_cPPAK
_erda
082 0 4 _a823
_223
090 0 0 _a823
_bHEI
_dKSI
100 1 _aHeinlein, Robert A.,
_eauthor
245 1 0 _aOrphans of the sky
264 1 _aNew York :
_bBerkley Medallion ,
_c1963
300 _a128 pages ;
_c17 cm
336 _2rdacontent
_atext
337 _2rdamedia
_aunmediated
338 _2rdacarrier
_avolume
650 1 0 _aEnglish fiction
942 _ddc
_cB
999 _c151198
_d151198